000
00323 a2200133 4500
005
20250702082718.0
020
_a
978-0-00-810589-1
082
_a
823.92 TRE
100
_a
TREMAYNE, S. K.
245
_a
Just Before I Diad.
260
_a
London,
_b
Harper Collins Publishers,
_c
2018.
300
_a
376.:
_c
25cm
942
_2
ddc
_c
BKS
999
_c
6568
_d
6568